000
00301nam a22001217a 4500
999
_c
12610
_d
12610
008
241220b 1993 ||||| |||| 00| 0 eng d
082
_a
368.2
_b
TNI
100
_a
TNI
245
_a
The mariner and the maritime law
260
_a
London
_b
The Nautical Institute
_c
1993
300
_a
58p.
942
_c
BK